00365 a2200109 4500001000900000005001700009008004100026245007100067100002500138773007500163999001700238ART_946520260410161846.0260409a 10aLa demanda de liquidez internacional de los países en desarrollo1 aEdwards, Sebastián0 tEl trimestre económicog- Vol. LI, Nº 201 (ene./mar. 1984)wREV6933 c24572d24572